000 00369nam a22001217a 4500
082 _a333.9163
_bSOI
_cD
245 _aPonds for water supply and recreation
_cUS Department of Transportation
260 _aWashington
_bThe world bank
_c1971
300 _aiii, 55 p. :
_bill, ;
_c24 cm.
526 _a0
_b0
_c0
_d333_916300000000000_SOI
650 _aMCE
_9379
942 _2ddc
_cBK
999 _c542043
_d542043